00601nam a22001697a 4500003000900000005001700009008003100026020001500057040002500072082002000097100003800117245010700155250001200262260005000274300002800324500007900352DO-SdBNP20220328111526.0210825b 2006 dr 00| 0 eng d a9993492303 aDO-SdBNPbspacBNPHU aBNPHU PDbP421d1 aPepén, Juan F. q (Juan Felix)10aDonde floreció el naranjo. La Altagracia :borigen y significado de su culto /cMons. Juan F. Pepen. a5ta ed. aSanto Domingo :bEdiciones Peregrino ;c2006. a112 p. :bil. ;c20 cm. aTextos de la Biblia de la traducción de L. Alonso Scköel y Juan Mateos